000
00515nam a2200169Ia 4500
008
110201s9999 xx 000 0 und d
082
_b
B878
_a
K 698
100
_a
बेडेकर विश्राम
245
_a
रणांगण
260
_b
देशमूख आणि कंपनी
365
_b
42
600
_a
बेडेकर विश्राम
630
_a
रणांगण
700
_a
बेडेकर विश्राम
730
_a
रणांगण
942
_c
BOOK
999
_c
828260
_d
828257